[Event "Udine Oro Caffe op 1st"]
[Site "Udine"]
[Date "2008.07.10"]
[Round "6"]
[White "Licandro, Michele"]
[Black "Canciani, Sardo"]
[Result "0-1"]
[WhiteElo "1487"]
[BlackElo "1529"]
[PlyCount "65"]
[EventDate "2008.07.05"]
[EventType "swiss"]
[EventRounds "6"]
[EventCountry "ITA"]
[SourceTitle "EXT 2010"]
[Source "ChessBase"]
[SourceDate "2010.11.25"]
[SourceVersion "1"]
[SourceVersionDate "2010.11.25"]
[SourceQuality "1"]

1. d4 f5 2. Nf3 Nf6 3. e3 e6 4. Bd3 d5 5. Nbd2 c6 6. 0-0 Be7 7. c4 0-0 8. Qb3 Qc7 9. Ne5 g6 10. Ndf3 Nbd7 11. Bd2 Nxe5 12. Nxe5 Nd7 13. f4 Nxe5 14. fxe5 Bd7 15. cxd5 exd5 16. Rac1 Be6 17. Bb4 Rae8 18. a3 Rc8 19. Bxe7 Qxe7 20. g3 Rc7 21. Rf2 Rfc8 22. Rfc2 c5 23. Qa4 b6 24. Ba6 Rd8 25. Bd3 cxd4 26. exd4 Rcc8 27. Ba6 Rxc2 28. Rxc2 Bc8 29. Bb5 Bb7 30. Kg2 Rc8 31. Kg1 Rxc2 32. Qxc2 h6 33. Qa4 0-1

[Event "Udine Oro Caffe op 1st"]
[Site "Udine"]
[Date "2008.07.09"]
[Round "5"]
[White "Canciani, Sardo"]
[Black "Bortolosso, Paolo"]
[Result "0-1"]
[WhiteElo "1529"]
[BlackElo "1464"]
[PlyCount "54"]
[EventDate "2008.07.05"]
[EventType "swiss"]
[EventRounds "6"]
[EventCountry "ITA"]
[SourceTitle "EXT 2010"]
[Source "ChessBase"]
[SourceDate "2010.11.25"]
[SourceVersion "1"]
[SourceVersionDate "2010.11.25"]
[SourceQuality "1"]

1. c4 e5 2. Nc3 Nf6 3. a3 d5 4. cxd5 Nxd5 5. Nf3 Nc6 6. d3 Bg4 7. g3 Bc5 8. Bg2 Nxc3 9. bxc3 Qd6 10. 0-0 0-0-0 11. Ng5 Qg6 12. Ne4 Bb6 13. Be3 Qh5 14. Bxb6 Bxe2 15. Qb3 Bxf1 16. Bxf1 axb6 17. Qc2 f5 18. Nd2 Rhf8 19. Re1 f4 20. Bg2 fxg3 21. fxg3 Rd6 22. Ne4 Rh6 23. Bh1 Ne7 24. Qg2 c6 25. Re2 Rg6 26. Rb2 Qd1+ 27. Qf1 Qxf1# 0-1

[Event "Udine Ruzzier Memorial 3rd"]
[Site "Udine"]
[Date "2007.09.29"]
[Round "2"]
[White "Bisaro, Andrea"]
[Black "Canciani, Sardo"]
[Result "1/2-1/2"]
[WhiteElo "1545"]
[BlackElo "1550"]
[PlyCount "117"]
[EventDate "2007.09.22"]
[EventType "swiss"]
[EventRounds "4"]
[EventCountry "ITA"]
[SourceTitle "EXT 2010"]
[Source "ChessBase"]
[SourceDate "2010.11.25"]
[SourceVersion "1"]
[SourceVersionDate "2010.11.25"]
[SourceQuality "1"]

1. d4 Nf6 2. c4 c5 3. d5 b5 4. cxb5 a6 5. b6 d6 6. Qb3 Bb7 7. Nc3 Nbd7 8. e4 Qxb6 9. Qxb6 Nxb6 10. a4 g6 11. f4 Bg7 12. Nf3 0-0 13. a5 Nbd7 14. Bc4 Ne8 15. 0-0 Nc7 16. Bd2 Rab8 17. Rae1 e5 18. dxe6 fxe6 19. Ng5 Rbe8 20. f5 Ne5 21. Bxe6+ Nxe6 22. Nxe6 Rf7 23. fxg6 Rxf1+ 24. Rxf1 Rxe6 25. gxh7+ Kxh7 26. Rf4 Kg8 27. h4 Rf6 28. Rxf6 Bxf6 29. h5 Nd3 30. b3 Ne5 31. Kh2 Kh7 32. Kg3 Bg7 33. Nd5 Bxd5 34. exd5 Bh6 35. Bc3 Nd7 36. Kg4 Kg8 37. Kf5 Kf7 38. g4 Nf8 39. g5 Bg7 40. g6+ Kg8 41. Bxg7 Kxg7 42. Kg5 Nd7 43. h6+ Kg8 44. Kf5 Ne5 45. Ke6 c4 46. bxc4 Nxc4 47. Kf6 Ne5 48. Ke7 Nc4 49. g7 Nxa5 50. Kxd6 Nc4+ 51. Kc5 Ne5 52. d6 a5 53. Kb5 Kh7 54. Ka4 Kg8 55. Kb3 Kh7 56. Kc3 a4 57. Kc2 a3 58. Kb3 Kg8 59. Ka2 1/2-1/2

[Event "Udine Province-ch"]
[Site "Udine"]
[Date "2006.12.10"]
[Round "6"]
[White "Di Tomaso, Fausto"]
[Black "Canciani, Sardo"]
[Result "0-1"]
[WhiteElo "1601"]
[BlackElo "1547"]
[PlyCount "106"]
[EventDate "2006.12.02"]
[EventType "swiss"]
[EventRounds "6"]
[EventCountry "ITA"]
[SourceTitle "EXT 2011"]
[Source "ChessBase"]
[SourceDate "2010.11.26"]
[SourceVersion "1"]
[SourceVersionDate "2010.11.26"]
[SourceQuality "1"]

1. d4 e6 2. c4 f5 3. Nf3 Nf6 4. Nc3 Be7 5. g3 d5 6. b3 c6 7. Bg2 0-0 8. 0-0 Na6 9. a3 Nc7 10. c5 a6 11. Na4 Bd7 12. Nb6 Rb8 13. Nxd7 Nxd7 14. Bf4 g5 15. Bxc7 Qxc7 16. Qd2 h6 17. h3 Bf6 18. e3 Rbe8 19. b4 e5 20. Rae1 exd4 21. Nxd4 Bxd4 22. exd4 Nf6 23. Rxe8 Rxe8 24. Re1 Qd7 25. Rxe8+ Qxe8 26. Qe3 Qxe3 27. fxe3 Ne4 28. Bxe4 fxe4 29. Kf2 Kf7 30. Ke2 Ke7 31. Kd2 Kd7 32. Kc3 Kc7 33. Kb3 b6 34. cxb6+ Kxb6 35. Ka4 h5 36. Kb3 Kb5 37. a4+ Kb6 38. Ka3 Kc7 39. Kb3 Kb6 40. Kc3 Kc7 41. b5 cxb5 42. axb5 axb5 43. Kb3 Kb7 44. Ka3 Ka6 45. Kb4 Kb6 46. Kb3 Ka5 47. g4 hxg4 48. hxg4 b4 49. Kb2 Ka4 50. Ka2 b3+ 51. Ka1 Ka3 52. Kb1 b2 53. Kc2 Ka2 0-1